000 00348 a2200109 4500
001 ART_42233
005 20260410161807.0
008 260409a
245 1 0 _aRegulación de honorarios en la legislación concursal
100 1 _aArduino, Augusto H.L.
773 0 _tDoctrina Societaria y Concursal
_g- Nº 289 (dic. 2011)
_wREV4298
999 _c21076
_d21076